| 000 | 00614nam a2200157Ia 4500 | ||
|---|---|---|---|
| 003 | GCL | ||
| 008 | 140319s9999 xx 000 0 ara d | ||
| 040 |
_aGCL / _cGCL |
||
| 082 | 0 | 4 |
_aط _b372.4 _bم ع |
| 100 | 1 | _aمختار الطاهر حسين | |
| 245 | 1 | 0 |
_aعلم طفلك العربية: الاصوات الحروف أ ~ / _cمختار الطاهر حسين |
| 300 | _aلtخtمtيtسt,t t8 | ||
| 650 | 0 | 4 | _aالتعليم الابتدائى |
| 650 | 0 | 4 | _aالقراءة - تعليم |
| 942 |
_2ddc _cBK |
||
| 999 |
_c50888 _d50888 |
||